000
00341nam a2200145Ia 4500
008
210312s9999||||xx |||||||||||||| ||und||
041
_a
osm
050
_a
DR486
050
_b
A38
100
_a
Ahmet Rasim
245
0
_a
Resimli ve haritalı Osmanlı tarihi
260
_c
1912
500
_a
(2. cilt)
650
_a
Türkiye--Tarih--1288-1918
999
_c
21899
_d
21899